[Event "Bundesliga 9495"]
[Site "Deutschland"]
[Date "1995.??.??"]
[Round "?.7"]
[White "Volke, Karsten"]
[Black "Meyer, Claus Dieter"]
[Result "1-0"]
[WhiteElo "2440"]
[BlackElo "2310"]
[PlyCount "49"]
[EventDate "1994.10.??"]
[EventType "team"]
[EventRounds "15"]
[EventCountry "GER"]
[SourceTitle "Bundesliga 9495"]
[Source "DeepChess"]
[SourceDate "2005.01.01"]
[SourceVersion "1"]
[SourceVersionDate "2005.01.01"]
[SourceQuality "1"]
[WhiteTeam "SV Empor Berlin e.V."]
[BlackTeam "SAbt SV Werder Bremen"]
[WhiteTeamCountry "GER"]
[BlackTeamCountry "GER"]

1. d4 d6 2. c4 e5 3. Nf3 e4 4. Ng5 f5 5. g3 h6 6. Nh3 g5 7. f3 exf3 8. exf3 Bg7
9. Bg2 Nc6 10. d5 Nd4 11. O-O Qf6 12. Bd2 Ne7 13. Bc3 c5 14. dxc6 Nexc6 15. f4
g4 16. Re1+ Kd8 17. Nf2 Re8 18. Rxe8+ Kxe8 19. Na3 Qe7 20. Bxc6+ Nxc6 21. Bxg7
Qxg7 22. Qxd6 Kf7 23. Re1 Qf6 24. Qc7+ Kf8 25. Nb5 1-0

[Event "Bundesliga 9495"]
[Site "Deutschland"]
[Date "1995.??.??"]
[Round "?.8"]
[White "Hedke, Fred"]
[Black "Stern, Rene"]
[Result "0-1"]
[WhiteElo "2350"]
[BlackElo "2400"]
[PlyCount "84"]
[EventDate "1994.10.??"]
[EventType "team"]
[EventRounds "15"]
[EventCountry "GER"]
[SourceTitle "Bundesliga 9495"]
[Source "DeepChess"]
[SourceDate "2005.01.01"]
[SourceVersion "1"]
[SourceVersionDate "2005.01.01"]
[SourceQuality "1"]
[WhiteTeam "SAbt SV Werder Bremen"]
[BlackTeam "SV Empor Berlin e.V."]
[WhiteTeamCountry "GER"]
[BlackTeamCountry "GER"]

1. e4 e5 2. Nf3 Nc6 3. d4 exd4 4. c3 dxc3 5. Bc4 d6 6. Nxc3 Nf6 7. Qb3 Qd7 8.
Ng5 Ne5 9. Be2 h6 10. f4 hxg5 11. fxe5 dxe5 12. Bxg5 c6 13. O-O Bc5+ 14. Kh1
Qe7 15. h3 Bd4 16. Bc4 b5 17. Bxf6 bxc4 18. Bxe7 cxb3 19. Ba3 g5 20. Ne2 Ba6
21. Nxd4 Bxf1 22. Nxc6 Bd3 23. Nxe5 Bxe4 24. Kh2 bxa2 25. Rxa2 f6 26. Nc4 Kd7
27. Ra1 g4 28. Rd1+ Ke6 29. Rd6+ Kf7 30. Rd4 g3+ 31. Kxg3 Rag8+ 32. Kf4 Bxg2
33. Nd6+ Ke6 34. Nf5 Rd8 35. Ra4 Rd7 36. Ra6+ Kf7 37. h4 Bf1 38. Nd6+ Kg6 39.
Rc6 Rxh4+ 40. Kg3 Rh5 41. Rc8 Rh3+ 42. Kf2 Rxa3 0-1

[Event "Bundesliga 9495"]
[Site "Deutschland"]
[Date "1995.??.??"]
[Round "?.2"]
[White "Blatny, Pavel"]
[Black "Enders, Peter"]
[Result "1-0"]
[WhiteElo "2485"]
[BlackElo "2480"]
[PlyCount "161"]
[EventDate "1994.10.??"]
[EventType "team"]
[EventRounds "15"]
[EventCountry "GER"]
[SourceTitle "Bundesliga 9495"]
[Source "DeepChess"]
[SourceDate "2005.01.01"]
[SourceVersion "1"]
[SourceVersionDate "2005.01.01"]
[SourceQuality "1"]
[WhiteTeam "SAbt SV Werder Bremen"]
[BlackTeam "SV Erfurt West 90"]
[WhiteTeamCountry "GER"]
[BlackTeamCountry "GER"]

1. Nf3 Nf6 2. b3 g6 3. Bb2 Bg7 4. g3 b6 5. Bg2 Bb7 6. c4 c5 7. O-O O-O 8. e3 d5
9. d3 Nc6 10. Qe2 Qd7 11. Re1 Rad8 12. Nc3 Rfe8 13. e4 d4 14. Nd5 Nh5 15. Nf4
Nxf4 16. gxf4 e6 17. Bc1 f5 18. e5 Qc8 19. Bd2 Qa8 20. a3 Bh6 21. b4 Bf8 22. b5
Na5 23. Rab1 Bh6 24. h3 Rd7 25. Kh2 Kh8 26. Rg1 Rg8 27. h4 Bxf3 28. Qxf3 Qxf3
29. Bxf3 Rb8 30. Rb2 Bf8 31. h5 gxh5 32. Bxh5 Bh6 33. Rg3 Rg7 34. Rb1 Nb7 35.
Kg2 Nd8 36. Rh1 Re7 37. Kf3 a6 38. bxa6 Ra8 39. Rgh3 Bf8 40. Ke2 Rxa6 41. Rb1
Rxa3 42. Rxb6 Rb7 43. Rxb7 Nxb7 44. Bg6 Kg7 45. Be8 Be7 46. Bd7 Nd8 47. Rh1 Ra7
48. Be8 Ra2 49. Bb5 h6 50. Bd7 Ra7 51. Be8 Ra2 52. Bb5 Bf8 53. Be8 Be7 54. Bd7
Ra7 55. Bb5 Nf7 56. Bc6 Bd8 57. Rb1 h5 58. Rb5 Be7 59. Ba5 h4 60. Bg2 Nh6 61.
Kf3 Kg6 62. Bf1 Kf7 63. Bg2 Ra8 64. Bh3 Ra6 65. Ke2 Ng8 66. Bg2 Ra7 67. Kf3 Bf8
68. Bd8 Ra3 69. Bf1 Ra1 70. Bg2 Rd1 71. Ke2 Rg1 72. Kf3 Ne7 73. Rxc5 Nd5 74.
Rxd5 exd5 75. cxd5 Bb4 76. Bh3 Kg6 77. d6 Rd1 78. d7 Rxd3+ 79. Kg2 Rxh3 80.
Kxh3 d3 81. Bxh4 1-0

[Event "Bundesliga 9495"]
[Site "Deutschland"]
[Date "1995.??.??"]
[Round "?.3"]
[White "Casper, Thomas"]
[Black "Knaak, Rainer"]
[Result "1/2-1/2"]
[WhiteElo "2435"]
[BlackElo "2540"]
[PlyCount "97"]
[EventDate "1994.10.??"]
[EventType "team"]
[EventRounds "15"]
[EventCountry "GER"]
[SourceTitle "Bundesliga 9495"]
[Source "DeepChess"]
[SourceDate "2005.01.01"]
[SourceVersion "1"]
[SourceVersionDate "2005.01.01"]
[SourceQuality "1"]
[WhiteTeam "SV Erfurt West 90"]
[BlackTeam "SAbt SV Werder Bremen"]
[WhiteTeamCountry "GER"]
[BlackTeamCountry "GER"]

1. e4 e6 2. d4 d5 3. Nc3 Nf6 4. exd5 exd5 5. Bg5 Be7 6. Bd3 c6 7. Nge2 Nbd7 8.
O-O O-O 9. Re1 Re8 10. Qd2 Nf8 11. h3 Ne6 12. Bh4 Nh5 13. Bxe7 Qxe7 14. Bf5 g6
15. Bg4 Nhg7 16. Bxe6 Bxe6 17. Ng3 h5 18. Nf1 Nf5 19. Nh2 f6 20. Ne2 g5 21. f4
g4 22. hxg4 hxg4 23. Nf1 Nd6 24. Neg3 Qh7 25. f5 Nxf5 26. Qf4 Ng7 27. Re2 Qg6
28. Rae1 Bf7 29. Ne3 Be6 30. Rf1 Rf8 31. Nef5 Bxf5 32. Nxf5 Qxf5 33. Qxf5 Nxf5
34. Rxf5 Kf7 35. Rf4 Rg8 36. Kf2 g3+ 37. Kf3 a5 38. Rg4 Rxg4 39. Kxg4 Rg8+ 40.
Kf4 a4 41. c3 b6 42. Re3 c5 43. Rxg3 Rc8 44. dxc5 bxc5 45. Re3 a3 46. b4 c4 47.
Re1 Rh8 48. Kf3 Rh7 49. Kf4 1/2-1/2

[Event "Bundesliga 9495"]
[Site "Deutschland"]
[Date "1995.??.??"]
[Round "?.5"]
[White "Troyke, Christian"]
[Black "Meins, Gerlef"]
[Result "1-0"]
[WhiteElo "2355"]
[BlackElo "2425"]
[PlyCount "39"]
[EventDate "1994.10.??"]
[EventType "team"]
[EventRounds "15"]
[EventCountry "GER"]
[SourceTitle "Bundesliga 9495"]
[Source "DeepChess"]
[SourceDate "2005.01.01"]
[SourceVersion "1"]
[SourceVersionDate "2005.01.01"]
[SourceQuality "1"]
[WhiteTeam "SV Erfurt West 90"]
[BlackTeam "SAbt SV Werder Bremen"]
[WhiteTeamCountry "GER"]
[BlackTeamCountry "GER"]

1. Nf3 Nf6 2. g3 d5 3. Bg2 c6 4. c4 dxc4 5. Na3 b5 6. Ne5 Qb6 7. O-O e6 8. d3
Bxa3 9. bxa3 cxd3 10. Qxd3 O-O 11. Bg5 h6 12. Bxf6 gxf6 13. Ng4 Kg7 14. Qd2 Rh8
15. Qc3 Qd8 16. Rad1 Qe7 17. f4 h5 18. Nf2 Bb7 19. Ne4 c5 20. Nxf6 1-0

[Event "Bundesliga 9495"]
[Site "Deutschland"]
[Date "1995.??.??"]
[Round "?.6"]
[White "Floegel, Ulrich"]
[Black "Voekler, Bernd"]
[Result "1-0"]
[WhiteElo "2315"]
[BlackElo "2350"]
[PlyCount "121"]
[EventDate "1994.10.??"]
[EventType "team"]
[EventRounds "15"]
[EventCountry "GER"]
[SourceTitle "Bundesliga 9495"]
[Source "DeepChess"]
[SourceDate "2005.01.01"]
[SourceVersion "1"]
[SourceVersionDate "2005.01.01"]
[SourceQuality "1"]
[WhiteTeam "SAbt SV Werder Bremen"]
[BlackTeam "SV Erfurt West 90"]
[WhiteTeamCountry "GER"]
[BlackTeamCountry "GER"]

1. e4 c5 2. Nf3 d6 3. c3 Nf6 4. Bd3 g6 5. Bc2 Bg7 6. h3 O-O 7. d4 Qc7 8. O-O e5
9. Be3 b6 10. a4 Bb7 11. d5 h6 12. Na3 Kh7 13. Nd2 Ba6 14. Nb5 Bxb5 15. axb5
Nh5 16. Qg4 Nd7 17. Ra6 Ndf6 18. Qf3 Qd7 19. Bd3 Ng8 20. Qg4 Qc7 21. Rfa1 Ne7
22. Nc4 Nc8 23. g3 Nf6 24. Qe2 Ne8 25. f4 f5 26. Rf1 Qd7 27. Kh2 fxe4 28. Bxe4
exf4 29. Rxf4 Rxf4 30. Bxf4 Nf6 31. Bd3 Rb8 32. Bxg6+ Kxg6 33. Bxd6 Ng4+ 34.
Qxg4+ Qxg4 35. hxg4 Nxd6 36. Nxd6 Rd8 37. Nf5 Rd7 38. Ra1 Bf8 39. c4 Kg5 40.
Rf1 Rf7 41. Kg2 h5 42. Nd6 Rxf1 43. Ne4+ Kxg4 44. Kxf1 Kf3 45. Nf6 Kxg3 46.
Nxh5+ Kf3 47. Ke1 Ke3 48. Kd1 Kd3 49. b3 Kc3 50. Ke2 Kxb3 51. Kd3 Kb4 52. Nf6
Ka5 53. Ne8 a6 54. Nc7 axb5 55. Nxb5 Kb4 56. d6 Bg7 57. Nc7 Kb3 58. Nd5 b5 59.
d7 bxc4+ 60. Ke2 c3 61. d8=Q 1-0

[Event "Bundesliga 9495"]
[Site "Deutschland"]
[Date "1995.??.??"]
[Round "?.7"]
[White "Machelett, Heiko"]
[Black "Meyer, Claus Dieter"]
[Result "1-0"]
[WhiteElo "2315"]
[BlackElo "2310"]
[PlyCount "92"]
[EventDate "1994.10.??"]
[EventType "team"]
[EventRounds "15"]
[EventCountry "GER"]
[SourceTitle "Bundesliga 9495"]
[Source "DeepChess"]
[SourceDate "2005.01.01"]
[SourceVersion "1"]
[SourceVersionDate "2005.01.01"]
[SourceQuality "1"]
[WhiteTeam "SV Erfurt West 90"]
[BlackTeam "SAbt SV Werder Bremen"]
[WhiteTeamCountry "GER"]
[BlackTeamCountry "GER"]

1. d4 Nf6 2. c4 d6 3. Nc3 g6 4. e4 Bg7 5. Nge2 O-O 6. g3 e5 7. Bg2 Bg4 8. f3
Bd7 9. O-O exd4 10. Nxd4 Nc6 11. Be3 Nxd4 12. Bxd4 Be6 13. Qd3 Nd7 14. Bxg7
Kxg7 15. Nd5 a5 16. Qd4+ Kg8 17. Rac1 Bxd5 18. cxd5 Re8 19. Rfe1 Nc5 20. e5 Qd7
21. f4 Qb5 22. Rcd1 Qb4 23. a3 Qxd4+ 24. Rxd4 a4 25. g4 Kg7 26. Kf2 Re7 27. Bf1
h6 28. Bc4 g5 29. e6 fxe6 30. dxe6 gxf4 31. Rxf4 d5 32. Re5 c6 33. Bf1 Rxe6 34.
Ref5 Re7 35. Kg1 Ne6 36. Re5 Rf7 37. Rb4 Ng5 38. Bg2 b5 39. h4 Nf3+ 40. Bxf3
Rxf3 41. g5 Raf8 42. Re6 hxg5 43. Rxc6 Rg3+ 44. Kh2 gxh4 45. Rxb5 Rf2+ 46. Kh1
Rf1+ 1-0

[Event "Bundesliga 9495"]
[Site "Deutschland"]
[Date "1995.??.??"]
[Round "?.8"]
[White "Hedke, Fred"]
[Black "Brueggemann, Joachim"]
[Result "1-0"]
[WhiteElo "2350"]
[BlackElo "2305"]
[PlyCount "71"]
[EventDate "1994.10.??"]
[EventType "team"]
[EventRounds "15"]
[EventCountry "GER"]
[SourceTitle "Bundesliga 9495"]
[Source "DeepChess"]
[SourceDate "2005.01.01"]
[SourceVersion "1"]
[SourceVersionDate "2005.01.01"]
[SourceQuality "1"]
[WhiteTeam "SAbt SV Werder Bremen"]
[BlackTeam "SV Erfurt West 90"]
[WhiteTeamCountry "GER"]
[BlackTeamCountry "GER"]

1. e4 c5 2. c3 d6 3. d4 cxd4 4. cxd4 g6 5. h3 Bg7 6. Nf3 Nf6 7. Nc3 O-O 8. Be2
Nc6 9. O-O d5 10. e5 Ne4 11. Be3 Nxc3 12. bxc3 Na5 13. Nd2 Be6 14. Qa4 Qc7 15.
Rab1 Rfd8 16. Rfc1 a6 17. Qb4 Bf5 18. Qb6 Rac8 19. Rb2 Rd7 20. g4 Be6 21. Kg2
Qxb6 22. Rxb6 Rdc7 23. Nb3 Nc4 24. Bxc4 dxc4 25. Nc5 Bd5+ 26. Kg3 Rc6 27. Rxc6
Bxc6 28. Rb1 f6 29. e6 f5 30. g5 Bd5 31. Rb6 Rxc5 32. dxc5 Bxc3 33. f4 Kf8 34.
Kf2 Ke8 35. Rb1 Kd8 36. Rd1 1-0

[Event "Bundesliga 9495"]
[Site "Deutschland"]
[Date "1994.??.??"]
[Round "?.1"]
[White "Hracek, Zbynek"]
[Black "Mokry, Karel"]
[Result "1-0"]
[WhiteElo "2530"]
[BlackElo "2530"]
[PlyCount "75"]
[EventDate "1994.10.??"]
[EventType "team"]
[EventRounds "15"]
[EventCountry "GER"]
[SourceTitle "Bundesliga 9495"]
[Source "DeepChess"]
[SourceDate "2005.01.01"]
[SourceVersion "1"]
[SourceVersionDate "2005.01.01"]
[SourceQuality "1"]
[WhiteTeam "SAbt SV Werder Bremen"]
[BlackTeam "SV Tuebingen 1870 e.V."]
[WhiteTeamCountry "GER"]
[BlackTeamCountry "GER"]

1. e4 e5 2. Nf3 Nc6 3. d4 exd4 4. Nxd4 Bc5 5. Nxc6 Qf6 6. Qd2 bxc6 7. Nc3 Bb4
8. Qe3 Bxc3+ 9. bxc3 Ne7 10. Qd4 Qg6 11. h4 c5 12. h5 cxd4 13. hxg6 Nxg6 14.
cxd4 O-O 15. Bd3 d6 16. Bd2 Re8 17. O-O c5 18. Rab1 Bd7 19. c3 cxd4 20. cxd4 a6
21. Rfc1 Bb5 22. Bc2 Rac8 23. a4 Rxc2 24. Rxc2 Bd3 25. Rbc1 Bxc2 26. Rxc2 Rxe4
27. Rc8+ Nf8 28. Bc3 f6 29. f3 Re7 30. Bb4 Rd7 31. Ra8 Kf7 32. Rxa6 Ke6 33. Rb6
Kd5 34. a5 Ne6 35. a6 Nc7 36. Rb7 Kc6 37. Ba5 Na8 38. d5+ 1-0

[Event "Bundesliga 9495"]
[Site "Deutschland"]
[Date "1994.??.??"]
[Round "?.3"]
[White "Knaak, Rainer"]
[Black "Horvath, Tamas"]
[Result "1-0"]
[WhiteElo "2520"]
[BlackElo "2435"]
[PlyCount "59"]
[EventDate "1994.10.??"]
[EventType "team"]
[EventRounds "15"]
[EventCountry "GER"]
[SourceTitle "Bundesliga 9495"]
[Source "DeepChess"]
[SourceDate "2005.01.01"]
[SourceVersion "1"]
[SourceVersionDate "2005.01.01"]
[SourceQuality "1"]
[WhiteTeam "SAbt SV Werder Bremen"]
[BlackTeam "SV Tuebingen 1870 e.V."]
[WhiteTeamCountry "GER"]
[BlackTeamCountry "GER"]

1. d4 Nf6 2. c4 e6 3. Nc3 Bb4 4. e3 c5 5. Bd3 Nc6 6. Nge2 cxd4 7. exd4 d5 8.
cxd5 Nxd5 9. a3 Bd6 10. Bc2 Nce7 11. Ne4 O-O 12. h4 e5 13. Qd3 Bc7 14. Nd6 f5
15. dxe5 Bxd6 16. exd6 Qxd6 17. b4 Qf6 18. Rb1 Be6 19. Bb2 Qf7 20. Nd4 Rac8 21.
O-O Nf4 22. Qf3 Rxc2 23. Nxc2 Neg6 24. Ne3 Nd5 25. h5 Nge7 26. Nc4 Nf6 27. Nd6
Qxh5 28. Qxh5 Nxh5 29. Rfe1 Nf4 30. Rxe6 1-0

[Event "Bundesliga 9495"]
[Site "Deutschland"]
[Date "1994.??.??"]
[Round "?.4"]
[White "Kraut, Rainer"]
[Black "Heissler, Jakob"]
[Result "1/2-1/2"]
[WhiteElo "2415"]
[BlackElo "2440"]
[PlyCount "120"]
[EventDate "1994.10.??"]
[EventType "team"]
[EventRounds "15"]
[EventCountry "GER"]
[SourceTitle "Bundesliga 9495"]
[Source "DeepChess"]
[SourceDate "2005.01.01"]
[SourceVersion "1"]
[SourceVersionDate "2005.01.01"]
[SourceQuality "1"]
[WhiteTeam "SV Tuebingen 1870 e.V."]
[BlackTeam "SAbt SV Werder Bremen"]
[WhiteTeamCountry "GER"]
[BlackTeamCountry "GER"]

1. e4 c5 2. Nf3 e6 3. Nc3 a6 4. d4 cxd4 5. Nxd4 Qc7 6. g3 Nf6 7. Bg2 Be7 8. O-O
O-O 9. Be3 d6 10. Qe2 Nc6 11. a4 Bd7 12. Nb3 Na5 13. Nxa5 Qxa5 14. Rfd1 Bc6 15.
h3 Rac8 16. Qd2 Qc7 17. a5 Nd7 18. f4 f5 19. e5 d5 20. Ne2 Nc5 21. Bxc5 Bxc5+
22. Nd4 Be8 23. c3 Bh5 24. Rdc1 h6 25. Kh2 Bxd4 26. cxd4 Qe7 27. b4 g5 28. Rc5
gxf4 29. Qxf4 Qg5 30. Rac1 Rxc5 31. Rxc5 Qxf4 32. gxf4 Be2 33. Kg3 Rf7 34. Kf2
Bb5 35. Bf3 Kg7 36. Bh5 Re7 37. Rc8 Bc4 38. Be8 Bd3 39. Bh5 Bb5 40. Ke3 Bf1 41.
h4 Bb5 42. Kd2 Kh7 43. Rf8 Rc7 44. Rf7+ Rxf7 45. Bxf7 Bd7 46. b5 Kg7 47. bxa6
bxa6 48. Bh5 Bb5 49. Kc3 Kf8 50. Kb4 Ke7 51. Kc5 Kd7 52. Kb6 Kd8 53. Bd1 Kd7
54. Bc2 Kd8 55. Kc5 Kd7 56. Bb3 Bd3 57. Ba4+ Kc7 58. Bc6 Bc4 59. Be8 Bd3 60.
Bc6 Bc2 1/2-1/2

[Event "Bundesliga 9495"]
[Site "Deutschland"]
[Date "1994.??.??"]
[Round "?.5"]
[White "Meins, Gerlef"]
[Black "Zeller, Frank"]
[Result "1-0"]
[WhiteElo "2440"]
[BlackElo "2350"]
[PlyCount "51"]
[EventDate "1994.10.??"]
[EventType "team"]
[EventRounds "15"]
[EventCountry "GER"]
[SourceTitle "Bundesliga 9495"]
[Source "DeepChess"]
[SourceDate "2005.01.01"]
[SourceVersion "1"]
[SourceVersionDate "2005.01.01"]
[SourceQuality "1"]
[WhiteTeam "SAbt SV Werder Bremen"]
[BlackTeam "SV Tuebingen 1870 e.V."]
[WhiteTeamCountry "GER"]
[BlackTeamCountry "GER"]

1. d4 Nf6 2. Nf3 e6 3. g3 c5 4. Bg2 cxd4 5. O-O Be7 6. Nxd4 O-O 7. c4 d6 8. Nc3
a6 9. b3 Nbd7 10. Bb2 Qc7 11. Rc1 Re8 12. Qd2 Bf8 13. Rfd1 Rb8 14. Ba3 Rd8 15.
Na4 Nc5 16. Nb5 axb5 17. Nxc5 Qb6 18. Bb4 Ra8 19. a4 bxc4 20. a5 dxc5 21. axb6
Rxd2 22. Bxd2 cxb3 23. Rc3 c4 24. Rxc4 b2 25. Bc3 Ba3 26. Rd8+ 1-0

[Event "Bundesliga 9495"]
[Site "Deutschland"]
[Date "1994.??.??"]
[Round "?.6"]
[White "Werner, Marc"]
[Black "Floegel, Ulrich"]
[Result "0-1"]
[WhiteElo "2345"]
[BlackElo "2275"]
[PlyCount "106"]
[EventDate "1994.10.??"]
[EventType "team"]
[EventRounds "15"]
[EventCountry "GER"]
[SourceTitle "Bundesliga 9495"]
[Source "DeepChess"]
[SourceDate "2005.01.01"]
[SourceVersion "1"]
[SourceVersionDate "2005.01.01"]
[SourceQuality "1"]
[WhiteTeam "SV Tuebingen 1870 e.V."]
[BlackTeam "SAbt SV Werder Bremen"]
[WhiteTeamCountry "GER"]
[BlackTeamCountry "GER"]

1. e4 Nf6 2. e5 Nd5 3. d4 d6 4. Nf3 Bg4 5. Be2 c6 6. c4 Nb6 7. Nbd2 N8d7 8. b3
dxe5 9. dxe5 Qc7 10. Bb2 Bxf3 11. Nxf3 e6 12. O-O h6 13. Bd3 O-O-O 14. Qe2 g5
15. h3 Be7 16. Bc3 h5 17. Nh2 Kb8 18. Bc2 Rdg8 19. g3 Nf8 20. Qf3 Rg7 21. Rfe1
Nbd7 22. b4 g4 23. hxg4 h4 24. gxh4 Rxh4 25. Qg3 Rh8 26. Rad1 Ng6 27. Nf3 Nh4
28. Nxh4 Bxh4 29. Qf3 Nb6 30. Re4 Bg5 31. Qg2 Rgh7 32. a4 Rh3 33. Rd3 Rxd3 34.
Bxd3 Nxa4 35. Be1 Rd8 36. Bc2 Nb2 37. f4 Be7 38. Bc3 Nd3 39. Qe2 Qd7 40. Rd4
Qxd4+ 41. Bxd4 Nxf4 42. Qe4 Rxd4 43. Qh7 Bxb4 44. Qg8+ Kc7 45. Qxf7+ Kb6 46.
Kf1 Rxc4 47. Bd1 Nd5 48. Qf2+ Bc5 49. Qb2+ Rb4 50. Qa2 Bd4 51. g5 Rb2 52. Qa4
Ne3+ 53. Kg1 Nf5+ 0-1

[Event "Bundesliga 9495"]
[Site "Deutschland"]
[Date "1994.??.??"]
[Round "?.7"]
[White "Meyer, Claus Dieter"]
[Black "Dutschak, Hauke"]
[Result "0-1"]
[WhiteElo "2320"]
[BlackElo "2240"]
[PlyCount "54"]
[EventDate "1994.10.??"]
[EventType "team"]
[EventRounds "15"]
[EventCountry "GER"]
[SourceTitle "Bundesliga 9495"]
[Source "DeepChess"]
[SourceDate "2005.01.01"]
[SourceVersion "1"]
[SourceVersionDate "2005.01.01"]
[SourceQuality "1"]
[WhiteTeam "SAbt SV Werder Bremen"]
[BlackTeam "SV Tuebingen 1870 e.V."]
[WhiteTeamCountry "GER"]
[BlackTeamCountry "GER"]

1. e4 d5 2. exd5 Nf6 3. d4 Nxd5 4. c4 Nb6 5. Nf3 g6 6. Be2 Bg7 7. Nc3 O-O 8.
O-O Nc6 9. d5 Ne5 10. Nxe5 Bxe5 11. Bh6 Re8 12. f4 Bh8 13. f5 Bxf5 14. Qd2 Qd6
15. Rxf5 gxf5 16. Rf1 Qg6 17. Rf3 Be5 18. Rh3 Kh8 19. Qe3 Nd7 20. Kh1 Rg8 21.
g3 Rae8 22. Bh5 Qf6 23. Bd1 Bd4 24. Qd2 Nc5 25. Bc2 Ne4 26. Nxe4 fxe4 27. Kg2
Qf3# 0-1

[Event "Bundesliga 9495"]
[Site "Deutschland"]
[Date "1994.??.??"]
[Round "?.8"]
[White "Foessmeier, Ulrich"]
[Black "Hedke, Fred"]
[Result "1-0"]
[WhiteElo "2305"]
[BlackElo "2350"]
[PlyCount "81"]
[EventDate "1994.10.??"]
[EventType "team"]
[EventRounds "15"]
[EventCountry "GER"]
[SourceTitle "Bundesliga 9495"]
[Source "DeepChess"]
[SourceDate "2005.01.01"]
[SourceVersion "1"]
[SourceVersionDate "2005.01.01"]
[SourceQuality "1"]
[WhiteTeam "SV Tuebingen 1870 e.V."]
[BlackTeam "SAbt SV Werder Bremen"]
[WhiteTeamCountry "GER"]
[BlackTeamCountry "GER"]

1. e4 e5 2. Nf3 Nc6 3. Bb5 a6 4. Bxc6 dxc6 5. O-O f6 6. d4 exd4 7. Nxd4 c5 8.
Ne2 Qxd1 9. Rxd1 Bd7 10. Be3 O-O-O 11. Nbc3 Bd6 12. Nf4 Ne7 13. Rd2 Ng6 14.
Nfd5 Bc6 15. Rad1 b5 16. f3 Rde8 17. Bf2 Rhf8 18. b3 Rf7 19. Ne2 Nf8 20. c4 Ne6
21. Ndc3 Be5 22. cxb5 axb5 23. a4 b4 24. Nd5 Kb7 25. Rc2 Rd7 26. Bxc5 Bxd5 27.
Rxd5 Rxd5 28. exd5 Nxc5 29. Rxc5 Bd6 30. Rb5+ Ka6 31. Kf2 Re5 32. Nd4 Rh5 33.
h3 Rh4 34. Nf5 Rf4 35. Nxd6 cxd6 36. Ke3 g5 37. Rb8 Rf5 38. Kd4 Rf4+ 39. Kd3
Rf5 40. Rb5 h5 41. Rxb4 1-0

[Event "Bundesliga 9495"]
[Site "Deutschland"]
[Date "1994.??.??"]
[Round "?.1"]
[White "Bode, Wilfried"]
[Black "Gavrikov, Viktor"]
[Result "1/2-1/2"]
[WhiteElo "2395"]
[BlackElo "2600"]
[PlyCount "39"]
[EventDate "1994.10.??"]
[EventType "team"]
[EventRounds "15"]
[EventCountry "GER"]
[SourceTitle "Bundesliga 9495"]
[Source "DeepChess"]
[SourceDate "2005.01.01"]
[SourceVersion "1"]
[SourceVersionDate "2005.01.01"]
[SourceQuality "1"]
[WhiteTeam "SC Stadthagen e.V."]
[BlackTeam "SK Zaehringen 1921"]
[WhiteTeamCountry "GER"]
[BlackTeamCountry "GER"]

1. e4 c5 2. Nc3 Nc6 3. g3 g6 4. Bg2 Bg7 5. d3 d6 6. Nge2 Rb8 7. O-O b5 8. a3
Bd7 9. Nd5 e6 10. Ne3 Nge7 11. c3 Qb6 12. Kh1 O-O 13. f4 f5 14. g4 a5 15. gxf5
exf5 16. Ng3 b4 17. axb4 axb4 18. Bd2 Kh8 19. exf5 bxc3 20. bxc3 1/2-1/2

[Event "Bundesliga 9495"]
[Site "Deutschland"]
[Date "1994.??.??"]
[Round "?.4"]
[White "Schmaltz, Roland"]
[Black "Gauglitz, Gernot"]
[Result "1-0"]
[WhiteElo "2450"]
[BlackElo "2410"]
[PlyCount "78"]
[EventDate "1994.10.??"]
[EventType "team"]
[EventRounds "15"]
[EventCountry "GER"]
[SourceTitle "Bundesliga 9495"]
[Source "DeepChess"]
[SourceDate "2005.01.01"]
[SourceVersion "1"]
[SourceVersionDate "2005.01.01"]
[SourceQuality "1"]
[WhiteTeam "SK Zaehringen 1921"]
[BlackTeam "SC Stadthagen e.V."]
[WhiteTeamCountry "GER"]
[BlackTeamCountry "GER"]

1. Nf3 Nf6 2. g3 g6 3. Bg2 Bg7 4. O-O O-O 5. d3 d5 6. Nbd2 d4 7. Nb3 Nc6 8. e3
e5 9. Re1 h6 10. a4 a5 11. Bd2 Nd5 12. exd4 exd4 13. Qc1 Kh7 14. Re4 Nde7 15.
Qe1 Bf5 16. Rh4 Ng8 17. Qc1 Qd6 18. Bf4 Qb4 19. Ng5+ Kh8 20. Ne4 Bxe4 21. Bxe4
Ne5 22. Bd2 Qb6 23. f4 Nc6 24. f5 Ne5 25. Qf1 Nf6 26. Re1 Nfg4 27. Qe2 Ne3 28.
Bxe3 dxe3 29. d4 Nc6 30. fxg6 fxg6 31. Qxe3 g5 32. Qxg5 Nxd4 33. Nxd4 Qxd4+ 34.
Kh1 Ra6 35. Bd3 Qd6 36. Qe7 Qc6+ 37. Qe4 Qxe4+ 38. Rhxe4 Rd6 39. Re7 Rc6 $138
1-0

[Event "Bundesliga 9495"]
[Site "Deutschland"]
[Date "1994.??.??"]
[Round "?.5"]
[White "Beckhuis, Gernod"]
[Black "Brendel, Oliver"]
[Result "0-1"]
[WhiteElo "2370"]
[BlackElo "2265"]
[PlyCount "56"]
[EventDate "1994.10.??"]
[EventType "team"]
[EventRounds "15"]
[EventCountry "GER"]
[SourceTitle "Bundesliga 9495"]
[Source "DeepChess"]
[SourceDate "2005.01.01"]
[SourceVersion "1"]
[SourceVersionDate "2005.01.01"]
[SourceQuality "1"]
[WhiteTeam "SC Stadthagen e.V."]
[BlackTeam "SK Zaehringen 1921"]
[WhiteTeamCountry "GER"]
[BlackTeamCountry "GER"]

1. d4 Nf6 2. c4 g6 3. Nc3 Bg7 4. e4 d6 5. Nf3 O-O 6. Be2 e5 7. O-O exd4 8. Nxd4
Re8 9. f3 c6 10. Kh1 Nbd7 11. Bg5 Qb6 12. Nb3 a5 13. Qd2 a4 14. Be3 Nc5 15.
Nxc5 dxc5 16. Rab1 Qa5 17. Rfc1 Nd7 18. f4 Nf8 19. e5 Bf5 20. Ra1 Rad8 21. Qe1
f6 22. Qf2 fxe5 23. g4 exf4 24. Bxc5 Bxc3 25. Rxc3 Rd2 26. Bxf8 Rdxe2 27. Qxf4
Be4+ 28. Rf3 Bxf3+ 0-1

[Event "Bundesliga 9495"]
[Site "Deutschland"]
[Date "1994.??.??"]
[Round "?.6"]
[White "Maier, Christian"]
[Black "Danschczyk, Christian"]
[Result "1/2-1/2"]
[WhiteElo "2350"]
[BlackElo "2305"]
[PlyCount "82"]
[EventDate "1994.10.??"]
[EventType "team"]
[EventRounds "15"]
[EventCountry "GER"]
[SourceTitle "Bundesliga 9495"]
[Source "DeepChess"]
[SourceDate "2005.01.01"]
[SourceVersion "1"]
[SourceVersionDate "2005.01.01"]
[SourceQuality "1"]
[WhiteTeam "SK Zaehringen 1921"]
[BlackTeam "SC Stadthagen e.V."]
[WhiteTeamCountry "GER"]
[BlackTeamCountry "GER"]

1. e4 c5 2. Nf3 Nc6 3. d4 cxd4 4. Nxd4 Nf6 5. Nc3 e5 6. Ndb5 d6 7. Bg5 a6 8.
Na3 b5 9. Bxf6 gxf6 10. Nd5 Bg7 11. c3 f5 12. exf5 Bxf5 13. Nc2 Be6 14. a4 Rb8
15. axb5 axb5 16. Be2 O-O 17. Ra6 Nd4 18. Ncb4 Nxe2 19. Qxe2 Qg5 20. O-O Kh8
21. Rxd6 Rg8 22. Qe3 Bf8 23. Qxg5 Rxg5 24. Rc6 Bxb4 25. Nxb4 Bh3 26. g3 Bxf1
27. Kxf1 Rd8 28. Ke2 Rg6 29. Rc5 Rgd6 30. Rxe5 Rd2+ 31. Kf1 Rxb2 32. Rxb5 Rc8
33. Rf5 Rxc3 34. Nd5 Rc5 35. Ne3 Rxf5 36. Nxf5 Kg8 37. Kg2 f6 38. Kf3 Kf7 39.
Ne3 Ke6 40. Ng2 Ra2 41. Nf4+ Kf7 1/2-1/2